000 00376nam a2200145Ia 4500
100 _aAtallah/Mikhail J/ Blanton/Marina
650 _aAlgorithms
942 _cRB
366 _f25
654 _aalgorithms
245 _aAlgorithms and theory of computation Handbook:concepts and techniques
260 _bCRC Press
_c2009
082 _a5.1
_bATA
546 _aENGLISH
_cComputers
999 _c35561
_d35561